000 00466nam a2200169Ia 4500
003 LK-CoDNM
008 010623t2002 xxu||||| |||| 00| 1 eng d
040 _aLK-CoDNM
_dLK-CoDNM
_eLK-CoDNM
041 _aeng
080 _a39
_bSEN
100 _aSeneviratne,H.L.
245 _aBuddhism,Identity and Conflict
260 _bInternational Centre for Ethnic Studies
_aColombo
_c2002
300 _b29p, 21 cm
500 _aICES Ethnicity Course SeriesNo.2
942 _cBK
999 _c121672
_d121672